000 00233nam a22000857a 4500
008 161116b xxu||||| |||| 00| 0 eng d
100 _91248
_aWildmon.D.
245 _aThe Man the Network Love to Hate
260 _aBristol
_bValsity Books
_c1989
999 _c3951
_d3951